000 00206nam a2200085Ia 4500
008 120527s9999 xx 000 0 und d
100 _aDAVANKOV, et al
245 _aLigand Exchange Chromatography
942 _cBK
999 _c25820
_d25820